Anno's counting book / (Record no. 7728)

MARC details
000 -LEADER
fixed length control field 00892nam a22002897a 4500
001 - CONTROL NUMBER
control field 7728
003 - CONTROL NUMBER IDENTIFIER
control field FISKH
005 - DATE AND TIME OF LATEST TRANSACTION
control field 20250801140453.0
008 - FIXED-LENGTH DATA ELEMENTS--GENERAL INFORMATION
fixed length control field 250801b cb ||||| |||| 00| 0 eng d
020 ## - INTERNATIONAL STANDARD BOOK NUMBER
International Standard Book Number 9780064431231
040 ## - CATALOGING SOURCE
Original cataloging agency FISKH
Language of cataloging eng
Transcribing agency FISKH
Modifying agency FISKH
050 ## - LIBRARY OF CONGRESS CALL NUMBER
Classification number PZ7.A5875 A
082 ## - DEWEY DECIMAL CLASSIFICATION NUMBER
Classification number 513.211
100 ## - MAIN ENTRY--PERSONAL NAME
Personal name Anno, Mitsumasa
Dates associated with a name (1926–2020)
245 ## - TITLE STATEMENT
Title Anno's counting book /
Statement of responsibility, etc. Mitsumasa Anno
250 ## - EDITION STATEMENT
Edition statement This edition first published in 1926
260 ## - PUBLICATION, DISTRIBUTION, ETC.
Place of publication, distribution, etc. New York :
Name of publisher, distributor, etc. HarperCollin,
Date of publication, distribution, etc. 1926
300 ## - PHYSICAL DESCRIPTION
Extent 26 unnumbered pages :
Other physical details color illustrations ;
Dimensions 24 x 26 cm
505 ## - FORMATTED CONTENTS NOTE
Formatted contents note E<br/>
520 ## - SUMMARY, ETC.
Summary, etc. A counting book depicting the growth in a village and surrounding countryside during twelve months.<br/>
521 8# - TARGET AUDIENCE NOTE
Target audience note 200<br/><br/><br/>
Source Lexile<br/>
521 8# - TARGET AUDIENCE NOTE
Target audience note E<br/>
Source Raz-Plus<br/>
650 ## - SUBJECT ADDED ENTRY--TOPICAL TERM
Source of heading or term Seasons
Topical term or geographic name entry element Wordless
650 ## - SUBJECT ADDED ENTRY--TOPICAL TERM
Source of heading or term Counting
Topical term or geographic name entry element Numbers
942 ## - ADDED ENTRY ELEMENTS (KOHA)
Source of classification or shelving scheme Dewey Decimal Classification
Koha item type Books
Suppress in OPAC No
Holdings
Withdrawn status Lost status Source of classification or shelving scheme Damaged status Not for loan Collection Home library Current library Shelving location Date acquired Total Checkouts Full call number Barcode Date due Date last seen Date last checked out Copy number Price effective from Koha item type
    Dewey Decimal Classification     Juvenile Fiction Footprints International School Library Network Toul Tom Poung Campus Footprints International School Library Network Toul Tom Poung Campus TTP Primary Green Bookshelves 08/01/2025 1 ANN 513.211 PZ7.A5875 A FIS03296 01/28/2026 01/14/2026 01/14/2026 1 08/01/2025 Books